| 000 | 00824nam a2200277 a 4500 | ||
|---|---|---|---|
| 003 | AR-BaBNM | ||
| 005 | 20251128210326.0 | ||
| 008 | 082120s2002 ||||||||||||||000 | spa|| | ||
| 020 | _a0-8157-2827-1 | ||
| 040 | _cAR-BaBNM | ||
| 100 | 1 | _aFinn, Chester E. Jr. | |
| 245 | 0 | 0 | _aScholars, dollars, and bureaucrats |
| 260 |
_aWashington, D.C. _bThe Brookings Institution _c1978 |
||
| 300 |
_a238 p. _btablas |
||
| 490 | 0 | _aStudies in higher education policy | |
| 500 | _aContiene referencias bibliográficas en notas al pie de página | ||
| 650 | 4 | _aUNIVERSIDADES | |
| 650 | 4 | _aECONOMIA DE LA EDUCACION | |
| 651 | 4 | _aEstados Unidos | |
| 653 | _aEDUCACION SUPERIOR | ||
| 653 | _aFINANCIAMIENTO EDUCATIVO | ||
| 653 | _aPOLITICAS UNIVERSITARIAS | ||
| 653 | _aGESTION EDUCATIVA | ||
| 942 | _cBK | ||
| 998 | _cRaquel | ||
| 999 |
_c14965 _d14965 |
||